Ανάπτυξη εναλλακτικών μορφών τουρισμού σε νησιωτικά συμπλέγματα : μεταπτυχιακή εργασία
Αποθηκεύτηκε σε:
| Κύριος συγγραφέας: | |
|---|---|
| Συγγραφή απο Οργανισμό/Αρχή: | |
| Άλλοι συγγραφείς: | |
| Μορφή: | Thesis Βιβλίο |
| Γλώσσα: | Greek |
| Δημοσίευση: |
2002
|
| Θέματα: | |
| Ετικέτες: |
Προσθήκη ετικέτας
Δεν υπάρχουν, Καταχωρήστε ετικέτα πρώτοι!
|
MARC
| LEADER | 00000cam a2200000 i 4500 | ||
|---|---|---|---|
| 001 | 1/32360 | ||
| 008 | 030206s2002 gre d | ||
| 035 | |l 10069324 | ||
| 040 | |a GR-MY-UA |b gre |e aacr | ||
| 041 | 0 | |a gre | |
| 082 | 0 | |a 338.4791 |2 (22) | |
| 100 | 1 | |a Κόντης, Αλέξιος-Πατάπιος. | |
| 245 | 1 | 0 | |a Ανάπτυξη εναλλακτικών μορφών τουρισμού σε νησιωτικά συμπλέγματα : |b μεταπτυχιακή εργασία / |c Κόντης Αλέξιος Πατάπιος ; επιβλέπων: Μαρούδας Λεωνίδας |
| 260 | |c 2002 | ||
| 300 | |a 108 σ.; |b σχ.; |c 30 εκ. | ||
| 502 | |a Διατριβή (μεταπτυχιακή) – Πανεπιστήμιο Αιγαίου, Χίος, 2002. | ||
| 504 | |a Περιλαμβάνει βιβλιογραφία | ||
| 610 | 2 | 0 | |a Πανεπιστήμιο Αιγαίου. |
| 650 | 0 | 0 | |a Tourism. |
| 650 | 0 | 0 | |a Community development. |
| 650 | 0 | 0 | |a Tourism |x Environmental aspects. |
| 650 | 0 | 0 | |a Islands. |
| 650 | 0 | 0 | |a Dissertations, Academic |z Greece. |
| 700 | 1 | |4 ths |a Μαρούδας, Λεωνίδας Ε. | |
| 710 | 2 | |a Πανεπιστήμιο Αιγαίου |b Σχολή Επιστημών της Διοίκησης |b Τμήμα Διοίκησης Επιχειρήσεων |b Πρόγραμμα Μεταπτυχιακών Σπουδών "Σχεδιασμός, Διοίκηση και Πολιτική του Τουρισμού". | |
| 852 | |a INST |b CHIOS |c DIATR |e 20030206 |h 338.4791 ΚΟΝ |p 005200013498 |q 005200013498 |t MTXE |y 23 | ||
| 901 | |a BIBL2-2003-1 | ||
| 909 | |a Χ |b 102731 | ||
| 924 | |a Κόντης |b Αλέξιος-Πατάπιος |y Χίος |z 2003-01 | ||
| 970 | |a Χαζίρη |b Αννα |z 2003/02/06 | ||